01182cab a2200193 i 4500001001000000003001000010005001700020008004100037022001400078040004100092041000800133100004100141245008600182300007300268520042300341650003000764773009600794773009800890768714001CO-MdFUSB20230111085613.0180615s1994 gt ||||| |||| 00| 0 spa d a1014-9341 aCO-MdFUSBbspacCO-MdFUSBdCO-MdFUSB aspa1 aGutiérrez Cortés, Rolandoeautor04aUna perspectiva pastoral del actuar en políticac/ Rolando Gutiérrez Cortés aNúmero 14-15 (Enero - Diciembre, 1994), páginas 163-176c; 22 cm aLos cristianos, siendo ciudadanos de sus comunidades y países, tienen deberes frente a lo político. Deben informarse, asumir responsabilidades cívicas y políticas según sus dones e inclinaciones, actuar sabiamente en las coyunturas pertinentes y ser guiados por la ética bíblica. De varias maneras, tanto directas como indirectas, la iglesia capacita a sus miembros para el cumplimiento de estos deberes. 0aCristianismo y política0 tKairós049489gNúmero 14-15 (Enero - Diciembre, 1994), páginas 163- 175qPágina 1630 tKairós049489gNúmero 14-15 (Enero - Diciembre, 1994), páginas 163- 175 qpáginas 163